LEADER 00963nam a2200253 i 4500 001 991000154559707536 005 20020506105650.0 008 990615s1994 uk ||| | eng 020 $a0412412608 035 $ab1003822x-39ule_inst 035 $aLE02614078$9ExL 040 $aDip.to Ingegneria dell'Innovazione$bita 082 0 $a620.11 100 1 $aSilver, Frederick H.$0286759 245 10$aBiomaterials, medical devices and tissue engineering :$ban integrated approach /$cFrederick H. Silver 260 $aLondon :$bChapman & Hall,$c1994 300 $avii, 303 p. ;$c24 cm 650 4$aBiomateriali 907 $a.b1003822x$b21-09-06$c31-05-02 912 $a991000154559707536 945 $aLE026 620.11 SIL 01.01 1993$g1$i2026000005508$lle026$o-$pE0.00$q-$rl$s- $t4$u9$v0$w9$x0$y.i10041990$z31-05-02 996 $aBiomaterials, medical devices and tissue engineering$9177354 997 $aUNISALENTO 998 $ale026$b01-01-99$cm$da $e-$feng$guk $h0$i1